| 000 | 00743nam a2200265Ia 4500 | ||
|---|---|---|---|
| 003 | GCL | ||
| 008 | 140319s9999 xx 000 0 ara d | ||
| 040 |
_aGCL / _cGCL |
||
| 082 | 0 | 4 |
_a153 _bج ذ |
| 100 | 1 | _aجابر عبدالحميد جابر | |
| 245 | 1 | 0 |
_aالذكاء ومقاييسة / _cجابر عبدالحميد جابر |
| 260 |
_a[S.N] : _bدار النهضة العربية ، _c1975 |
||
| 300 | _a287 ص | ||
| 490 | _a | ||
| 650 | 0 | 4 | _aالبيئة |
| 650 | 0 | 4 | _aالوراثة |
| 650 | 0 | 4 | _aعلم النفس |
| 650 | 0 | 4 | _aالقياس |
| 650 | 0 | 4 | _aنظريات |
| 650 | 0 | 4 | _aالفروق الفردية |
| 650 | 0 | 4 | _aالاختبارات |
| 650 | 0 | 4 | _aالذكاء |
| 650 | 0 | 4 | _aالعقل |
| 942 |
_2ddc _cBK |
||
| 999 |
_c31398 _d31398 |
||